00831nam a22002417a 45000010005000000030006000050050017000110080041000280200018000690400030000870500008001170820008001251000019001332450111001522600032002633000049002954900025003445050008003695200131003775210029005085210020005377000032005577131FISKH20250626082847.0250625b cb ||||| |||| 00| 0 eng d a9788956355016 aFISKHbeng cFISKHdFISKH aPZ7 a590 aSormark, Julie aThe farm rooster and the weather vane / cRetold by Julie Sormark : through the Art style of Henri Matisse aSeoul :be-future , c2010. a33 pages : bcolor illustrations ;c23 cm .  aArt classic stories  aJ  aA rooster who wakes everyone up and a weather vane who tells how the wind blows exchange jobs to prove which is more important8 a500 bLexile estimate 8 aJ bRaz-Plus  aLee, JeongseoneIllustrator